[Event "Warsaw YMCA Spring-E 171th"]
[Site "Warsaw"]
[Date "2016.06.06"]
[Round "10"]
[White "Podhajecki, Jerzy"]
[Black "Markiewicz, Janusz"]
[Result "1-0"]
[WhiteElo "1149"]
[BlackElo "1303"]
[PlyCount "139"]
[EventDate "2016.04.04"]
[EventType "tourn"]
[EventRounds "13"]
[EventCountry "POL"]
[SourceTitle "EXT 2019"]
[Source "ChessBase"]
[SourceDate "2018.10.10"]
[SourceVersion "1"]
[SourceVersionDate "2018.10.10"]
[SourceQuality "1"]

1. d4 e5 2. dxe5 Qe7 3. f4 b6 4. e4 Qb4+ 5. Nc3 Bb7 6. Bd3 d5 7. exd6 Qxd6 8. Nf3 Ne7 9. 0-0 Nbc6 10. Nb5 Qc5+ 11. Kh1 0-0-0 12. a3 Ng6 13. Qe2 a6 14. Be3 Qe7 15. Nc3 Nb8 16. Rad1 f6 17. Nd5 Qe8 18. b4 Ne7 19. c4 Nxd5 20. cxd5 Qa4 21. Ra1 Bd6 22. Nd4 c5 23. Rfc1 Rd7 24. Qg4 h5 25. Qe6 Kc7 26. e5 fxe5 27. fxe5 Kd8 28. exd6 Ba8 29. Bg5+ Kc8 30. Nf5 Kb7 31. bxc5 bxc5 32. Rab1+ Ka7 33. Be3 Bb7 34. Bxc5+ Ka8 35. Bb6 Qxa3 36. Bb5 Rc8 37. Rxc8 Bxc8 38. Bxd7 Bxd7 39. Qf7 Qd3 40. Rg1 Qxf5 41. Qxf5 Bxf5 42. Re1 Nd7 43. Bc7 Kb7 44. Kg1 Nf6 45. Re5 Be4 46. Re7 Bxd5 47. Rxg7 Kc8 48. Rg5 Kd7 49. Re5 Be6 50. h3 h4 51. Kf2 Nd5 52. Ke1 a5 53. Re4 Nc3 54. Rxh4 a4 55. Ba5 Nb5 56. Rxa4 Nxd6 57. Rd4 Kc6 58. Rxd6+ Kxd6 59. g4 Ke5 60. Kf2 Kf4 61. Bc7+ Kg5 62. Kg3 Bf7 63. Bd8+ Kh6 64. h4 Be6 65. h5 Bf7 66. Kh4 Be6 67. g5+ Kg7 68. g6 Kh6 69. Be7 Bf5 70. Bf8# 1-0

[Event "Warsaw YMCA Spring-E 171th"]
[Site "Warsaw"]
[Date "2016.05.24"]
[Round "12"]
[White "Podhajecki, Jerzy"]
[Black "Szopa, Andrzej"]
[Result "1-0"]
[WhiteElo "1149"]
[BlackElo "1109"]
[PlyCount "72"]
[EventDate "2016.04.04"]
[EventType "tourn"]
[EventRounds "13"]
[EventCountry "POL"]
[SourceTitle "EXT 2019"]
[Source "ChessBase"]
[SourceDate "2018.10.10"]
[SourceVersion "1"]
[SourceVersionDate "2018.10.10"]
[SourceQuality "1"]

1. e4 e5 2. Ne2 Nc6 3. Nbc3 Nf6 4. d3 h6 5. f4 exf4 6. Bxf4 Bb4 7. e5 Nh7 8. d4 0-0 9. a3 Bxc3+ 10. Nxc3 Ne7 11. Bd3 c6 12. Ne4 Ng6 13. Qd2 Nxf4 14. Qxf4 Qe7 15. Nd6 Qg5 16. Qe4 g6 17. 0-0 Qe7 18. Rf2 Ng5 19. Qf4 Kg7 20. Raf1 b5 21. h4 Ne6 22. Qg4 g5 23. c3 Ba6 24. Qe4 f5 25. Rxf5 Nf4 26. hxg5 Nxd3 27. gxh6+ Kh8 28. Qxd3 Rxf5 29. Rxf5 Rf8 30. Qf3 Rxf5 31. Qxf5 Qh7 32. Qf8+ Qg8 33. Qxg8+ Kxg8 34. g4 Kh7 35. Nf5 Kg6 36. g5 Bc8 1-0

[Event "Warsaw YMCA Spring-E 171th"]
[Site "Warsaw"]
[Date "2016.05.02"]
[Round "5"]
[White "Ruta, Grzegorz"]
[Black "Podhajecki, Jerzy"]
[Result "1/2-1/2"]
[WhiteElo "1018"]
[BlackElo "1149"]
[PlyCount "63"]
[EventDate "2016.04.04"]
[EventType "tourn"]
[EventRounds "13"]
[EventCountry "POL"]
[SourceTitle "EXT 2019"]
[Source "ChessBase"]
[SourceDate "2018.10.10"]
[SourceVersion "1"]
[SourceVersionDate "2018.10.10"]
[SourceQuality "1"]

1. d4 b5 2. e4 a6 3. Nf3 Bb7 4. Bd3 e6 5. 0-0 Nf6 6. Re1 c5 7. b3 Nc6 8. Bb2 Qb6 9. d5 Nb4 10. Bxf6 gxf6 11. Nc3 e5 12. Be2 d6 13. a3 Bc8 14. axb4 cxb4 15. Nb1 h5 16. c3 bxc3 17. Nxc3 Bd7 18. Nh4 Rc8 19. Qd3 Bh6 20. Ra2 Qc5 21. Nf5 Bxf5 22. exf5 Qxc3 23. Qxc3 Rxc3 24. Rxa6 Kf8 25. Rxd6 Ke7 26. Rb6 Rhc8 27. h3 Rc1 28. Rxc1 Rxc1+ 29. Kh2 Rc2 30. Bxb5 Bf4+ 31. g3 Rxf2+ 32. Kh1 1/2-1/2